00247nam a2200109Ia 4500008004100000041001200041082001100053100001300064245004800077260000600125650000600131221030s9999 xx 000 0 und d aEnglish a105.23 aG. Jones 0aHow to Manage Computer at Workcby G. Jones c0 aB